Obchodovanie na slovenskom a českom kapitálovom trhu v rokoch 2000 až 2008
Pohľad na vývoj obchodov na slovenskom a českom kapitálovom trhu v rokoch 2000 až 2008. Vznik Burzy cenných papierov v Bratislave. Burza cenných papierov v Prahe.
Salvato in:
| Autore principale: | |
|---|---|
| Natura: | Capitolo di libro |
| Lingua: | slovacco |
| Soggetti: | |
| Tags: |
Nessun Tag, puoi essere il primo ad aggiungerne!!
|
MARC
| LEADER | 00000naa$a2200000$$$4500 | ||
|---|---|---|---|
| 001 | 0093966 | ||
| 005 | 20231116085309.9 | ||
| 041 | 0 | |a slo | |
| 044 | |a SK | ||
| 245 | 1 | 0 | |a Obchodovanie na slovenskom a českom kapitálovom trhu v rokoch 2000 až 2008 |c Radoslav Bajus |
| 520 | |a Pohľad na vývoj obchodov na slovenskom a českom kapitálovom trhu v rokoch 2000 až 2008. Vznik Burzy cenných papierov v Bratislave. Burza cenných papierov v Prahe. | ||
| 610 | 2 | 0 | |a trh kapitálový |
| 610 | 2 | 0 | |a Česko |
| 610 | 2 | 0 | |a Slovensko |
| 610 | 2 | 0 | |a burzy |
| 610 | 2 | 0 | |a papiere cenné |
| 610 | 2 | 0 | |a obchody burzové |
| 100 | 1 | |a Bajus, Radoslav | |